| 000 | 00721nam a2200229 4500 | ||
|---|---|---|---|
| 001 | 111901 | ||
| 003 | ES-MaACL | ||
| 005 | 20250910214153.0 | ||
| 007 | t| | ||
| 008 | 061121s1972 sp r ||||1| spa d | ||
| 100 | 1 |
_aNavarro, Ana María. _985054 |
|
| 245 | 1 | 0 |
_aCasos de educación familiar / _cAna María Navarro, David Isaacs, Oliveros F. Otero. |
| 260 |
_aPamplona : _bUniversidad de Navarra, _c1972. |
||
| 300 |
_a170 p. ; _c20 cm. |
||
| 490 | 1 |
_aColección ICE ; _v8 |
|
| 700 | 1 |
_aIsaacs, David. _965514 |
|
| 700 | 1 |
_aOtero, Oliveros F. _987897 |
|
| 710 | 2 |
_aUniversidad de Navarra. _97252 |
|
| 830 | 0 |
_aColección I.C.E. _v8 _9233389 |
|
| 852 |
_aES-MaACL _jC-51345 _bR.83470 |
||
| 999 |
_c111901 _d111901 |
||